Trávne porasty významný zdroj zabezpečovania krmovinovej základne zborník prednášok

Guardado en:
Detalles Bibliográficos
Formato: Libro
Lenguaje:eslovaco
Publicado: Banská Bystrica Dom techniky ČSVTS 1984
Etiquetas: Agregar Etiqueta
Sin Etiquetas, Sea el primero en etiquetar este registro!

MARC

LEADER 00000nam a2200000 4500
001 c106667
005 20181203150255.7
041 0 |a slo 
044 |a SK 
245 1 0 |a Trávne porasty významný zdroj zabezpečovania krmovinovej základne  |b zborník prednášok 
264 1 |a Banská Bystrica  |b Dom techniky ČSVTS  |c 1984 
300 |a 212 s.